| 000 | 00456nam a2200181Ia 4500 | ||
|---|---|---|---|
| 001 | 23602 | ||
| 005 | 20260414150948.0 | ||
| 008 | 260414t2010||||xx |||||||||||||| ||spa|| | ||
| 041 | _aESP | ||
| 082 |
_a670.42 _bM32 V. 1 |
||
| 100 |
_aMaynard, Harold B. _eAUT |
||
| 245 | 0 |
_aManual de ingeniería y organización industrial _b |
|
| 260 | _c2010 | ||
| 300 |
_axv, 593 páginas : _c24 cm. |
||
| 650 | _aTCA | ||
| 654 | _aCII | ||
| 942 |
_cLIB _dJUS _fJUS _2ddc _n |
||
| 999 |
_c23602 _d23602 |
||